David's new job #1.

In this brief monologue, David is recounting some news to his wife: he has been appointed to an administrative position in his organisation. His verbals are not entirely explicit about his feelings regarding this development, but his non-verbals speak loudly. What is his overall message? What specif...

Full description

Bibliographic Details
Format: Video
Language:English
Language Notes:Closed-captions in English.
Published: Thousand Oaks, CA : SAGE Publications, Inc., [2015]
Subjects:
Online Access:Connect to this streaming video

MARC

Tag First Indicator Second Indicator Subfields
LEADER 00000cgm a2200000 i 4500
001 in00003755259
005 20190412191539.0
006 m|||||o||c||||||||
007 vz |za|||
007 cr |za||||||||
008 150526r20152013cau||| f |o v|eng|d
020 |a 9781506309279 (streaming video) :  |c No price 
035 |a (StDuBDS)EDZ0001161415 
040 |a StDuBDS  |b eng  |e rda  |c StDuBDS  |e pn  |d UtOrBLW 
041 0 |j eng 
050 4 |a BF637.N66 
082 0 4 |a 153.69  |2 23 
245 0 0 |a David's new job #1. 
264 1 |a Thousand Oaks, CA :  |b SAGE Publications, Inc.,  |c [2015] 
264 4 |c ©2014 
300 |a 1 online resource (1 video file (1 min., 18 sec.)) :  |b sound, color 
336 |a two-dimensional moving image  |b tdi  |2 rdacontent 
337 |a computer  |b c  |2 rdamedia 
338 |a online resource  |b cr  |2 rdacarrier 
500 |a Previously issued: 2013. 
520 8 |a In this brief monologue, David is recounting some news to his wife: he has been appointed to an administrative position in his organisation. His verbals are not entirely explicit about his feelings regarding this development, but his non-verbals speak loudly. What is his overall message? What specific non-verbals can you name that support your claim? The key indicators here of David's sour reception to this development are in the non-verbals. Notice how the non-verbals can give highly particular meaning to words spoken, including turning superficially positive phrases into bitter irony and sarcasm. 
546 |a Closed-captions in English. 
588 |a Description based on online resource; title from home page (viewed on June 2, 2015). 
650 0 |a Body language.  |0 http://id.loc.gov/authorities/subjects/sh85092369 
655 7 |a Nonfiction television programs.  |2 lcgft  |0 http://id.loc.gov/authorities/genreForms/gf2011026425 
655 7 |a Internet videos.  |2 lcgft  |0 http://id.loc.gov/authorities/genreForms/gf2011026337 
856 4 0 |u http://proxy.library.tamu.edu/login?url=http://sk.sagepub.com/video/davids-new-job-1  |z Connect to this streaming video  |t 0 
999 f f |s f2744048-91b6-3400-a0b5-1dafa4e6b14b  |i d528f15b-03fe-36ab-a840-41804bad5dda  |t 0 
952 f f |a Texas A&M University  |b College Station  |c Electronic Resources  |d Available Online  |t 0  |e BF637.N66  |h Library of Congress classification 
998 f f |a BF637.N66  |t 0  |l Available Online